000 00477cam a2200193ua 4500
001 2031
005 20260515113433.0
008 110806n ii |||gr||||Z||||||asm
040 _cMAIN
082 _a370
100 _aDevee, Deepali.,
_eAuthor.
245 1 _aShiksha :
_bsrijan, mannan, pratiphalan /
_cby Deepali Devee
250 _a1st.
260 _aNalbari:
_bBarnali Prakash,990.
300 _a186p:
_c23cm.
653 _aEducation
653 _aShiksha
942 _cBK
999 _c1901
_d1901